| 000 | 00983nam a2200277Ia 4500 | ||
|---|---|---|---|
| 005 | 20220317000516.0 | ||
| 008 | 160601s2005 ck a g 000 0 spa | ||
| 020 | _a9580412677 | ||
| 100 | 1 | _aMuzi, Jean | |
| 245 | 1 | 0 |
_aDiecisiete fábulas del rey león _cJean Muzi ; traducción de Gabriela Arciniégas ; ilustraciones de Ivar Da Coll |
| 300 |
_a108 páginas _bilustraciones _c19 cm |
||
| 490 |
_aTorre de papel _pTorre azul. |
||
| 650 | 1 | 4 |
_2LEMB _aCuentos infantiles marroquies |
| 650 | 1 | 4 |
_2LEMB _aLiteratura infantil marroquí |
| 650 | 1 | 4 |
_2LEMB _aLeones en la literatura |
| 650 | 1 | 4 |
_2LEMB _aAstucia en la literatura |
| 700 | 1 |
_aDa Coll, Ivar _eilustrador _91562 |
|
| 700 | 1 |
_aArciniegas, Gabriela, _etraductor _946731 |
|
| 942 |
_2loc _cBKINF |
||
| 264 |
_aBogotá _bNorma _c2005 |
||
| 336 |
_atexto _btxt _2rdacontent |
||
| 337 |
_asin mediación _bn _2rdamedia |
||
| 338 |
_avolumen _bnc _2rdacarrier |
||
| 040 |
_aCO-BoRNBP _bspa _erda _cCO-BoRNBP |
||
| 084 | _aC MUZ1 | ||
| 999 |
_c4242 _d4242 |
||